Bertie plays the blues : a 44 Scotland Street novel /

Anything could happen to Bertie and the gang, especially with an invitation to one of Scotlands premier jazz festivals.

Saved in:
நூற்பட்டியல் விவரங்கள்
தலைமை எழுத்தாளர்: McCall Smith, Alexander, 1948-
வடிவம்: புத்தகம்
மொழி:English
வெளியீடப்பட்டது: Edinburgh : Polygon, 2011.
பகுதிகள்:
குறியீடுகள்: குறிச்சொல் இணை
குறியீடுகள் இல்லை, இந்த குறிச்சொல்லை முதலில் பதிவு செய்யுங்கள்!
LEADER 00998cam a2200277Ma 4500
001 012951663-5
005 20120319191219.0
008 110405s2011 stk 000 f eng
020 |a 1846971888 (hbk) 
020 |a 9781846971884 (hbk) 
035 0 |a ocn757405154 
040 |a AU@  |b eng  |c AU@  |d STF 
043 |a e-uk-st 
050 4 |a PR6063.C326  |b B47 2011 
082 0 4 |a 823.92 
100 1 |a McCall Smith, Alexander,  |d 1948- 
245 1 0 |a Bertie plays the blues :  |b a 44 Scotland Street novel /  |c Alexander McCall Smith ; illustrated by Iain McIntosh. 
260 |a Edinburgh :  |b Polygon,  |c 2011. 
300 |a 310 p. :  |b ill. ;  |c 23 cm. 
520 |a Anything could happen to Bertie and the gang, especially with an invitation to one of Scotlands premier jazz festivals. 
650 0 |a 44 Scotland Street (Edinburgh, Scotland : Imaginary place)  |v Fiction. 
651 0 |a Edinburgh (Scotland)  |x Social life and customs  |v Fiction. 
899 |a 415_565368 
988 |a 20111025 
049 |a HLSS 
906 |0 OCLC